<?xml version="1.0" encoding="UTF-8"?>
<record
    xmlns:xsi="http://www.w3.org/2001/XMLSchema-instance"
    xsi:schemaLocation="http://www.loc.gov/MARC21/slim http://www.loc.gov/standards/marcxml/schema/MARC21slim.xsd"
    xmlns="http://www.loc.gov/MARC21/slim">

  <leader>00993nam a22002537a 4500</leader>
  <controlfield tag="003">OSt</controlfield>
  <controlfield tag="005">20240615110551.0</controlfield>
  <controlfield tag="008">240615b           ||||| |||| 00| 0 eng d</controlfield>
  <datafield tag="022" ind1=" " ind2=" ">
    <subfield code="2">13915614</subfield>
  </datafield>
  <datafield tag="040" ind1=" " ind2=" ">
    <subfield code="c">AIMIT LIBRARY</subfield>
  </datafield>
  <datafield tag="082" ind1=" " ind2=" ">
    <subfield code="a">330</subfield>
    <subfield code="b">SOUE</subfield>
  </datafield>
  <datafield tag="110" ind1=" " ind2=" ">
    <subfield code="a">Research and Information System for developing Countries</subfield>
    <subfield code="9">170947</subfield>
  </datafield>
  <datafield tag="245" ind1=" " ind2=" ">
    <subfield code="a">South Asia Economic Journal /</subfield>
    <subfield code="c">By Research and Information System for Developing Countries.</subfield>
  </datafield>
  <datafield tag="260" ind1=" " ind2=" ">
    <subfield code="b">New Delhi :</subfield>
    <subfield code="c">2015.</subfield>
    <subfield code="a">Sage publications ,</subfield>
  </datafield>
  <datafield tag="300" ind1=" " ind2=" ">
    <subfield code="b">HB</subfield>
    <subfield code="c">24.8 cm.</subfield>
  </datafield>
  <datafield tag="440" ind1=" " ind2=" ">
    <subfield code="a">South Asia Economic Journal</subfield>
    <subfield code="v">Vol.19 No.1&amp;2/2018</subfield>
    <subfield code="9">170948</subfield>
  </datafield>
  <datafield tag="440" ind1=" " ind2=" ">
    <subfield code="v">Vol.19 No.1/2018,Vol.20 No.1+2/2019</subfield>
  </datafield>
  <datafield tag="440" ind1=" " ind2=" ">
    <subfield code="v">Vol.17 No.2/2016, Vol.18 No.1&amp;2/2017</subfield>
  </datafield>
  <datafield tag="440" ind1=" " ind2=" ">
    <subfield code="v">Vol.16 No.1&amp;2-2015, Vol.17 No.1-2016</subfield>
  </datafield>
  <datafield tag="650" ind1=" " ind2=" ">
    <subfield code="a">Exploring the channels and impact of debt on economic growth</subfield>
    <subfield code="9">170949</subfield>
  </datafield>
  <datafield tag="650" ind1=" " ind2=" ">
    <subfield code="a">Services outsourcing and productivity growth</subfield>
    <subfield code="9">170950</subfield>
  </datafield>
  <datafield tag="650" ind1=" " ind2=" ">
    <subfield code="2">Determinants of financial stress of Indian Banks</subfield>
  </datafield>
  <datafield tag="942" ind1=" " ind2=" ">
    <subfield code="2">ddc</subfield>
    <subfield code="c">BV</subfield>
    <subfield code="k">330 SOUE</subfield>
  </datafield>
  <datafield tag="999" ind1=" " ind2=" ">
    <subfield code="c">231191</subfield>
    <subfield code="d">231191</subfield>
  </datafield>
  <datafield tag="952" ind1=" " ind2=" ">
    <subfield code="0">0</subfield>
    <subfield code="1">0</subfield>
    <subfield code="2">ddc</subfield>
    <subfield code="4">0</subfield>
    <subfield code="7">0</subfield>
    <subfield code="8">MBA</subfield>
    <subfield code="a">AIMIT</subfield>
    <subfield code="b">AIMIT</subfield>
    <subfield code="c">BV</subfield>
    <subfield code="d">2024-06-15</subfield>
    <subfield code="h">Vol.19 No.1&amp;2/2018</subfield>
    <subfield code="l">0</subfield>
    <subfield code="o">330 SOUE</subfield>
    <subfield code="p">BVM1074</subfield>
    <subfield code="r">2024-06-15 00:00:00</subfield>
    <subfield code="w">2024-06-15</subfield>
    <subfield code="y">BV</subfield>
  </datafield>
  <datafield tag="952" ind1=" " ind2=" ">
    <subfield code="0">0</subfield>
    <subfield code="1">0</subfield>
    <subfield code="2">ddc</subfield>
    <subfield code="4">0</subfield>
    <subfield code="7">0</subfield>
    <subfield code="8">MBA</subfield>
    <subfield code="a">AIMIT</subfield>
    <subfield code="b">AIMIT</subfield>
    <subfield code="c">BV</subfield>
    <subfield code="d">2024-06-15</subfield>
    <subfield code="h">Vol.19 No.1/2018/Vol.20 No.1-2/2019</subfield>
    <subfield code="l">0</subfield>
    <subfield code="o">330 SOUE</subfield>
    <subfield code="p">BVM1034</subfield>
    <subfield code="r">2024-06-15 00:00:00</subfield>
    <subfield code="w">2024-06-15</subfield>
    <subfield code="y">BV</subfield>
  </datafield>
  <datafield tag="952" ind1=" " ind2=" ">
    <subfield code="0">0</subfield>
    <subfield code="1">0</subfield>
    <subfield code="2">ddc</subfield>
    <subfield code="4">0</subfield>
    <subfield code="7">0</subfield>
    <subfield code="8">MBA</subfield>
    <subfield code="a">AIMIT</subfield>
    <subfield code="b">AIMIT</subfield>
    <subfield code="c">BV</subfield>
    <subfield code="d">2024-06-15</subfield>
    <subfield code="h">Vol.17 No.2/2016/Vol.18 No.1&amp;2/2017</subfield>
    <subfield code="l">0</subfield>
    <subfield code="o">330 SOUE</subfield>
    <subfield code="p">BVM921</subfield>
    <subfield code="r">2024-06-15 00:00:00</subfield>
    <subfield code="w">2024-06-15</subfield>
    <subfield code="y">BV</subfield>
  </datafield>
  <datafield tag="952" ind1=" " ind2=" ">
    <subfield code="0">0</subfield>
    <subfield code="1">0</subfield>
    <subfield code="2">ddc</subfield>
    <subfield code="4">0</subfield>
    <subfield code="7">0</subfield>
    <subfield code="8">MBA</subfield>
    <subfield code="a">AIMIT</subfield>
    <subfield code="b">AIMIT</subfield>
    <subfield code="c">BV</subfield>
    <subfield code="d">2024-06-15</subfield>
    <subfield code="h">Vol.16 No.1&amp;2-2015/Vol.17 No.1-2016</subfield>
    <subfield code="l">0</subfield>
    <subfield code="o">330 SOUE</subfield>
    <subfield code="p">BVM920</subfield>
    <subfield code="r">2024-06-15 00:00:00</subfield>
    <subfield code="w">2024-06-15</subfield>
    <subfield code="y">BV</subfield>
  </datafield>
</record>
